[Event "World Blitz 2023"]
[Site "Samarkand UZB"]
[Date "2023.12.29"]
[EventDate "2023.12.29"]
[Round "6.23"]
[Result "1/2-1/2"]
[White "Victor Bologan"]
[Black "Conrad Holt"]
[WhiteElo "2489"]
[BlackElo "2592"]
[PlyCount "186"]

1. e4 e6 2. d4 d5 3. exd5 exd5 4. Nf3 Bd6 5. c4 Nf6 6. c5 Be7 7. Bd3 b6 8.
cxb6 axb6 9. O-O O-O 10. h3 c5 11. Nc3 Nc6 12. Bg5 c4 13. Bc2 Be6 14. Ne5
Rc8 15. Re1 Re8 16. Nxc6 Rxc6 17. Ba4 Qa8 18. Bxc6 Qxc6 19. Qa4 Qxa4 20.
Nxa4 h6 21. Bxf6 Bxf6 22. Rad1 Ra8 23. Nc3 Kf8 24. a3 Ra5 25. f4 g6 26. Kf2
Bh4+ 27. g3 Bf6 28. Kf3 Bxh3 29. Rh1 Bf5 30. Rxh6 Bd3 31. Ke3 Bc2 32. Rd2
Bf5 33. Rh1 Ke7 34. Kf3 Kd7 35. g4 Be6 36. Rh7 Ke8 37. Rh1 Kf8 38. Rf1 Bd8
39. Rh1 Bf6 40. Rf1 Be7 41. Kg3 Bd6 42. Kh3 Ke7 43. f5 gxf5 44. gxf5 Bd7
45. Kg4 Kf6 46. Rdf2 Bc6 47. Rh1 Ra8 48. Rh6+ Ke7 49. Re2+ Kd7 50. Rh7 Rf8
51. Kg5 Be7+ 52. f6 Bd6 53. Kf5 Kd8 54. Kg5 Rg8+ 55. Rg7 Rf8 56. Re1 Kd7
57. Rh1 Ke6 58. Re1+ Kd7 59. Re2 Kd8 60. Rf2 Kd7 61. Rf5 Ke6 62. Rf1 Bc7
63. Re1+ Kd6 64. Re7 Be8 65. Nxd5 Bd8 66. Re5 Bd7 67. Nc3 Be6 68. Ne4+ Kc6
69. Kf4 Bc7 70. Ng5 Bd5 71. Kf5 Bxe5 72. dxe5 Kb5 73. e6 fxe6+ 74. Nxe6 Rh8
75. f7 Kc6 76. Kf6 Rh6+ 77. Rg6 Rh8 78. f8=Q Rxf8+ 79. Nxf8 Kd6 80. Kg5+
Kc5 81. Nd7+ Kd4 82. Nxb6 Be4 83. Kf6 Bxg6 84. Kxg6 c3 85. Na4 c2 86. Nc3
c1=N 87. Kf5 Kc4 88. Ke4 Nd3 89. Nd1 Nc5+ 90. Ke3 Kb3 91. Kd2 Na4 92. Kc1
Nxb2 93. Nxb2 Kxa3 1/2-1/2

[Event "World Blitz 2023"]
[Site "Samarkand UZB"]
[Date "2023.12.29"]
[EventDate "2023.12.29"]
[Round "6.24"]
[Result "1/2-1/2"]
[White "Kazybek Nogerbek"]
[Black "Aryan Tari"]
[WhiteElo "2488"]
[BlackElo "2577"]
[PlyCount "160"]

1. d4 d5 2. Nf3 Nf6 3. c4 e6 4. Nc3 h6 5. a3 c6 6. e3 Nbd7 7. Qc2 Bd6 8.
Be2 O-O 9. O-O b6 10. e4 dxe4 11. Nxe4 Nxe4 12. Qxe4 Bb7 13. Bd3 Nf6 14.
Qe2 c5 15. dxc5 bxc5 16. Rd1 Qc7 17. h3 e5 18. Nh4 e4 19. Bc2 Bh2+ 20. Kh1
Bf4 21. Nf5 Bxc1 22. Raxc1 Rad8 23. b4 Qe5 24. Ne3 Rd4 25. bxc5 Qxc5 26.
Rxd4 Qxd4 27. Qe1 Rc8 28. Rd1 Qc5 29. Qb4 Qc7 30. Qd6 Qxd6 31. Rxd6 Rc5 32.
g4 Bc8 33. Kg2 Kf8 34. Kg3 Ke7 35. Rd4 Ra5 36. a4 Be6 37. h4 g5 38. h5 Re5
39. Bb1 a6 40. Bc2 Ke8 41. c5 Rxc5 42. Bxe4 Nxe4+ 43. Rxe4 Kf8 44. Rb4 a5
45. Rb8+ Kg7 46. Ra8 Bd7 47. Ra7 Be6 48. Ra6 Re5 49. Ra7 Rc5 50. Ra6 Re5
51. Ra7 Rc5 52. Kf3 Re5 53. Kg3 Rc5 54. f4 Rc3 55. Kf3 gxf4 56. Kxf4 Rc5
57. Kf3 Kf6 58. Kf4 Kg7 59. Ra6 Kg8 60. Nf5 Bxf5 61. gxf5 Kg7 62. f6+ Kh7
63. Ra7 Rc4+ 64. Ke5 Rc5+ 65. Kd6 Rxh5 66. Rxf7+ Kg6 67. Rf8 Rh4 68. Ke5
Rxa4 69. Rg8+ Kf7 70. Rg7+ Kf8 71. Ke6 Re4+ 72. Kf5 Re1 73. Ra7 Rg1 74. Ke6
Re1+ 75. Kf5 Ra1 76. Kg6 Rg1+ 77. Kxh6 a4 78. Rxa4 Kf7 79. Ra7+ Kxf6 80.
Ra6+ Ke5 1/2-1/2

[Event "World Blitz 2023"]
[Site "Samarkand UZB"]
[Date "2023.12.29"]
[EventDate "2023.12.29"]
[Round "6.25"]
[Result "1-0"]
[White "B Adhiban"]
[Black "Dmitry Bocharov"]
[WhiteElo "2576"]
[BlackElo "2482"]
[PlyCount "108"]

1. b3 d5 2. Nf3 Bf5 3. Bb2 e6 4. d3 h6 5. Nbd2 Nf6 6. g3 Be7 7. Bg2 O-O 8.
O-O Bh7 9. e3 c5 10. Ne5 Nfd7 11. Nxd7 Nxd7 12. e4 Bf6 13. Bxf6 Nxf6 14. e5
Nd7 15. f4 b5 16. a4 a6 17. Kh1 Qc7 18. Qe2 Rad8 19. axb5 axb5 20. g4 Rfe8
21. Rae1 Ra8 22. Nf3 Ra2 23. f5 exf5 24. g5 hxg5 25. Nxg5 Rxe5 26. Qf2 Bg6
27. h4 c4 28. d4 Rxe1 29. Rxe1 Nf6 30. Qe3 Ne4 31. bxc4 Qxc4 32. Qf4 Ra8
33. Nf3 Qxc2 34. Ne5 Qf2 35. Qxf2 Nxf2+ 36. Kh2 Ne4 37. Rb1 Rb8 38. Nc6 Re8
39. Rxb5 Nf6 40. Ne5 Bh5 41. Kg3 g6 42. Kf4 Re6 43. Rb7 Ne4 44. Nxf7 Kf8
45. Ng5 Nxg5 46. hxg5 Re2 47. Bxd5 Rd2 48. Ke5 f4 49. Be6 Ke8 50. d5 f3 51.
Kd6 Kf8 52. Rf7+ Ke8 53. Rf6 Re2 54. Bd7+ 1-0

[Event "World Blitz 2023"]
[Site "Samarkand UZB"]
[Date "2023.12.29"]
[EventDate "2023.12.29"]
[Round "6.26"]
[Result "1-0"]
[White "Jakhongir Vakhidov"]
[Black "Grzegorz Nasuta"]
[WhiteElo "2574"]
[BlackElo "2467"]
[PlyCount "144"]

1. c4 c6 2. d4 d5 3. Nc3 Nf6 4. cxd5 cxd5 5. Bf4 Nc6 6. e3 Bg4 7. f3 Bd7 8.
g4 e6 9. Bd3 Be7 10. Nge2 O-O 11. Kf2 Ne8 12. h4 Bxh4+ 13. Kg2 h6 14. Rh3
Nb4 15. Bb1 Bg5 16. Qh1 f5 17. gxf5 exf5 18. a3 Nc6 19. Nxd5 Be6 20. Ndc3
Bc4 21. Rh5 Bxf4 22. Nxf4 Nd6 23. d5 Ne5 24. Ne6 Qf6 25. Nxf8 Rxf8 26. Qh4
Qg6+ 27. Kf2 Bb3 28. Qh2 Re8 29. Rh4 Nec4 30. Qg3 Qf6 31. e4 Qd4+ 32. Kg2
Ne3+ 33. Kh3 Qf6 34. Bd3 g5 35. f4 Kf7 36. fxg5 hxg5 37. Rh5 Kg6 38. Rxg5+
Qxg5 39. Qxd6+ Kh7 40. Qg3 Qh6+ 41. Qh4 Qxh4+ 42. Kxh4 fxe4 43. Nxe4 Kh6
44. Nd6 Re7 45. Re1 Bxd5 46. Rxe3 Rd7 47. Nf5+ Kg6 48. Ne7+ Kf6 49. Nxd5+
Rxd5 50. Kg3 Rg5+ 51. Kf2 Rh5 52. Be4 b6 53. Bf3 Rc5 54. Rc3 Rb5 55. b3 Ra5
56. b4 Rg5 57. Ke3 a5 58. Rc6+ Ke7 59. Rxb6 axb4 60. axb4 Kd7 61. b5 Kc7
62. Rc6+ Kb8 63. Be2 Kb7 64. Bd3 Rg4 65. Rf6 Rb4 66. Kd2 Rb3 67. Kc2 Rb4
68. Kc3 Rh4 69. Bc4 Rh5 70. Kb4 Rh2 71. Bd5+ Kb8 72. b6 Rh8 1-0

[Event "World Blitz 2023"]
[Site "Samarkand UZB"]
[Date "2023.12.29"]
[EventDate "2023.12.29"]
[Round "6.27"]
[Result "1/2-1/2"]
[White "Aleksey Grebnev"]
[Black "Robert Hovhannisyan"]
[WhiteElo "2404"]
[BlackElo "2570"]
[PlyCount "76"]

1. d4 d5 2. c4 e6 3. Nc3 Nf6 4. cxd5 exd5 5. Bg5 Be7 6. e3 h6 7. Bh4 Bf5 8.
Bd3 Bxd3 9. Qxd3 Nbd7 10. Nf3 c6 11. O-O O-O 12. Rab1 a5 13. Rfc1 Bd6 14.
Qc2 Re8 15. Na4 Qb8 16. Bxf6 Nxf6 17. Nc5 Qc7 18. a3 Bxc5 19. Qxc5 Ne4 20.
Qxd5 Qxh2+ 21. Nxh2 cxd5 22. Rc7 Rec8 23. Rbc1 Nd6 24. Nf3 f6 25. Nh4 Rxc7
26. Rxc7 Ra6 27. Ng6 Rb6 28. Rd7 Nc4 29. Ne7+ Kf8 30. Nxd5 Rxb2 31. Nf4
Nxa3 32. Ne6+ Ke8 33. Rxg7 Nc4 34. d5 a4 35. Nc7+ Kd8 36. Ne6+ Ke8 37. Nc7+
Kd8 38. Ne6+ 1/2-1/2

[Event "World Blitz 2023"]
[Site "Samarkand UZB"]
[Date "2023.12.29"]
[EventDate "2023.12.29"]
[Round "6.28"]
[Result "0-1"]
[White "Ortik Nigmatov"]
[Black "Daniel Dardha"]
[WhiteElo "2382"]
[BlackElo "2568"]
[PlyCount "128"]

1. e4 e5 2. Nf3 Nc6 3. Bb5 Nf6 4. d3 Ne7 5. O-O c6 6. Ba4 Ng6 7. c3 Be7 8.
Re1 O-O 9. Nbd2 d6 10. Nf1 b5 11. Bc2 Re8 12. d4 Bf8 13. Ng3 Bd7 14. h3 Qc7
15. Bg5 Be7 16. Nf5 Be6 17. Nxe7+ Qxe7 18. a4 h6 19. Be3 a6 20. Qd2 Nh5 21.
d5 cxd5 22. exd5 Bd7 23. Kh2 Qf6 24. Ng5 Nh4 25. Ne4 Qe7 26. Qe2 Nf4 27.
Bxf4 exf4 28. axb5 axb5 29. Rxa8 Rxa8 30. Qd2 Qe5 31. f3 Re8 32. Re2 f5 33.
Qe1 fxe4 34. Rxe4 Qh5 35. Rxe8+ Bxe8 36. Qe6+ Qf7 37. Qxd6 Qf6 38. Qb8 Kf7
39. d6 Qg5 40. Qa7+ Ke6 41. Bb3+ Kxd6 42. Qd4+ Ke7 43. Qd2 Qe5 44. Qf2 Nf5
45. Qa7+ Kf6 46. Qa8 Kg5 47. Qd8+ Qe7 48. Qd5 g6 49. Bc2 Qd6 50. Qe4 Bc6
51. Qe2 h5 52. Qe1 Ne3 53. Bb3 h4 54. Qe2 Bd7 55. Ba2 Qd2 56. Qxd2 Nf1+ 57.
Kg1 Nxd2 58. b3 Be6 59. c4 bxc4 60. bxc4 Bxc4 61. Bxc4 Nxc4 62. Kf2 Ne3 63.
Kg1 Kf5 64. Kf2 Ke5 0-1

[Event "World Blitz 2023"]
[Site "Samarkand UZB"]
[Date "2023.12.29"]
[EventDate "2023.12.29"]
[Round "6.29"]
[Result "1/2-1/2"]
[White "Henriquez Villagra, Cristobal"]
[Black "Zhandos Agmanov"]
[WhiteElo "2568"]
[BlackElo "2407"]
[PlyCount "186"]

1. d4 d5 2. Nf3 Nf6 3. e3 e6 4. Bd3 c5 5. b3 Nc6 6. O-O cxd4 7. exd4 Bd6 8.
Bb2 O-O 9. Re1 b6 10. Ne5 Ne7 11. Qf3 Bb7 12. Nd2 Rc8 13. Re2 Ng6 14. Nxg6
hxg6 15. g3 Qc7 16. Qg2 Bb4 17. Nf3 Rfe8 18. h4 Ne4 19. Qh3 Qe7 20. a3 Bc3
21. Bxc3 Rxc3 22. Ne5 Qf6 23. h5 gxh5 24. Qxh5 g6 25. Qh6 Qg5 26. Qh3 Nf6
27. Qh8+ Kxh8 28. Nxf7+ Kg7 29. Nxg5 Ne4 30. Nf3 Rc7 31. Kg2 Rh8 32. Rh1
Rxh1 33. Kxh1 Kf6 34. Kg2 Nc3 35. Re1 Bc6 36. a4 b5 37. a5 b4 38. Ne5 Bb5
39. Bxg6 Ba6 40. Bd3 Bxd3 41. Nxd3 Nb5 42. Nxb4 Nxd4 43. Rc1 Nxb3 44. Rd1
Nxa5 45. Rxd5 Nc4 46. Rb5 a5 47. Na2 a4 48. Rb4 a3 49. Rb3 Ke5 50. Rc3 Kd4
51. g4 Rb7 52. Rd3+ Kc5 53. Nc3 Ra7 54. Na2 Rb7 55. Rb3 Rd7 56. Kg3 Rd1 57.
Nc3 Ra1 58. Rb5+ Kc6 59. Rb4 Kc5 60. Ra4 Kd4 61. Ne2+ Kc5 62. Nc3 Kd4 63.
Ne2+ Kc5 64. g5 Nb6 65. Ra5+ Kb4 66. Ra6 Kb5 67. Ra7 Re1 68. Nc3+ Kb4 69.
Na2+ Kc4 70. Rxa3 Rg1+ 71. Kh4 Nd5 72. Rg3 Rh1+ 73. Kg4 Ra1 74. Ra3 Rg1+
75. Kh5 Kd4 76. Nb4 Nf4+ 77. Kh6 Ke4 78. f3+ Kf5 79. Ra5+ e5 80. Nc6 Rh1+
81. Kg7 Ne6+ 82. Kg8 Nxg5 83. Nxe5 Kf4 84. Ng6+ Kxf3 85. Rxg5 Rc1 86. Rc5
Ke3 87. Rc6 Kd2 88. c4 Kd3 89. Rc8 Kd4 90. Rd8+ Ke4 91. Rc8 Kd4 92. Rd8+
Ke4 93. Rc8 1/2-1/2

[Event "World Blitz 2023"]
[Site "Samarkand UZB"]
[Date "2023.12.29"]
[EventDate "2023.12.29"]
[Round "6.30"]
[Result "0-1"]
[White "Jakub Seemann"]
[Black "Maksim Chigaev"]
[WhiteElo "2332"]
[BlackElo "2561"]
[PlyCount "118"]

1. e4 e5 2. Nf3 Nc6 3. Bc4 Nf6 4. d3 Bc5 5. Nc3 d6 6. Na4 Bb6 7. a3 h6 8.
b4 O-O 9. h3 Be6 10. Bxe6 fxe6 11. Nxb6 axb6 12. c3 Qe8 13. O-O Ne7 14. a4
Ng6 15. Ra2 Qf7 16. Nh2 Nf4 17. Bxf4 exf4 18. Qb3 e5 19. Qxf7+ Kxf7 20.
Rfa1 Ke6 21. Nf3 g5 22. Nd2 h5 23. d4 g4 24. h4 d5 25. exd5+ Nxd5 26. Re1
Nxc3 27. Rxe5+ Kd7 28. Ra3 Nxa4 29. Rd5+ Kc6 30. Rxh5 b5 31. d5+ Kd7 32.
Ne4 Rae8 33. f3 g3 34. Rh7+ Re7 35. Rh6 Rf5 36. Rd3 Ref7 37. h5 Nb2 38. Rd4
b6 39. Rg6 Rxh5 40. Nf6+ Rxf6 41. Rxf6 Nc4 42. Rdxf4 Rxd5 43. Rf7+ Kc8 44.
Kf1 Rd1+ 45. Ke2 Rd2+ 46. Ke1 Rxg2 47. Rg4 Ne5 48. Rg8+ Kb7 49. Rf5 Nd3+
50. Kd1 Nxb4 51. Rfg5 Na2 52. Rxg3 Nc3+ 53. Ke1 Re2+ 54. Kf1 b4 55. f4 Rc2
56. f5 b3 57. Rxc3 Rxc3 58. Rg2 Rc1+ 59. Kf2 Rc2+ 0-1

[Event "World Blitz 2023"]
[Site "Samarkand UZB"]
[Date "2023.12.29"]
[EventDate "2023.12.29"]
[Round "6.31"]
[Result "1-0"]
[White "Rinat Jumabayev"]
[Black "Saidakbar Saydaliev"]
[WhiteElo "2561"]
[BlackElo "2323"]
[PlyCount "84"]

1. Nf3 Nf6 2. g3 d5 3. Bg2 e6 4. O-O Be7 5. d4 O-O 6. c4 dxc4 7. Qc2 a6 8.
a4 Bd7 9. Qxc4 Bc6 10. Bg5 Nbd7 11. Nc3 h6 12. Bxf6 Nxf6 13. Qd3 Bxf3 14.
Bxf3 c6 15. Rfd1 a5 16. h4 Qb6 17. Qc2 Rfd8 18. e3 Rac8 19. h5 Bb4 20. Rac1
Qc7 21. Ne2 Qe7 22. Nf4 e5 23. dxe5 Qxe5 24. Kg2 Qe7 25. Nd3 Rd7 26. Nxb4
axb4 27. Rxd7 Nxd7 28. Rd1 Ne5 29. Be2 Rd8 30. Rxd8+ Qxd8 31. Qc5 Qd2 32.
Qxe5 Qxe2 33. a5 Qc2 34. Qb8+ Kh7 35. Qxb7 Qxb2 36. a6 Qc2 37. Qxf7 b3 38.
a7 Qe4+ 39. Kh2 Qa4 40. Qg6+ Kh8 41. Qe8+ Kh7 42. a8=Q 1-0

[Event "World Blitz 2023"]
[Site "Samarkand UZB"]
[Date "2023.12.29"]
[EventDate "2023.12.29"]
[Round "6.32"]
[Result "0-1"]
[White "Alisher Suleymenov"]
[Black "Manuel Petrosyan"]
[WhiteElo "2326"]
[BlackElo "2556"]
[PlyCount "70"]

1. d4 Nf6 2. c4 e6 3. Nf3 d5 4. g3 Be7 5. Bg2 O-O 6. O-O dxc4 7. Qa4 a6 8.
Qxc4 b5 9. Qc2 Bb7 10. Bd2 Be4 11. Qc1 Ra7 12. Rd1 Nbd7 13. Ba5 Qa8 14.
Nbd2 Bb7 15. b4 Nb6 16. a3 Rc8 17. Bh3 Ne4 18. Qc2 Nd6 19. Ne5 Bd5 20. Rac1
Nbc4 21. Ndxc4 Nxc4 22. Nxc4 Bxc4 23. Bg2 c6 24. Qd2 Bd8 25. Bxd8 Rxd8 26.
Qe3 a5 27. Rxc4 bxc4 28. b5 Rd5 29. bxc6 Qxc6 30. Bxd5 exd5 31. Rb1 Ra8 32.
Qe7 Rc8 33. Rb7 Qe6 34. Kf1 Qxe7 35. Rxe7 c3 0-1

[Event "World Blitz 2023"]
[Site "Samarkand UZB"]
[Date "2023.12.29"]
[EventDate "2023.12.29"]
[Round "6.33"]
[Result "1-0"]
[White "Ter-Sahakyan, Samvel"]
[Black "Aldiyar Ansat"]
[WhiteElo "2556"]
[BlackElo "2404"]
[PlyCount "80"]

1. e4 c5 2. Nf3 Nc6 3. Bb5 e5 4. O-O Bd6 5. c3 a6 6. Ba4 b5 7. Bc2 Nge7 8.
d3 O-O 9. a4 Bb7 10. Nbd2 Bc7 11. Re1 d5 12. exd5 Nxd5 13. Ne4 Bb6 14. axb5
axb5 15. Rxa8 Bxa8 16. Bb3 Re8 17. Nfg5 h6 18. Qh5 Rf8 19. Bxd5 Qxd5 20.
Nf6+ gxf6 21. Qxh6 fxg5 22. Qxg5+ Kh7 23. Qh5+ Kg8 24. Qg5+ Kh7 25. Qf5+
Kg7 26. Qg5+ Kh7 27. Re4 Qxe4 28. dxe4 Rd8 29. h4 Rd6 30. Qf5+ Kg7 31. h5
Bd8 32. h6+ Kf8 33. Be3 Ne7 34. Qxe5 Rd1+ 35. Kh2 Ke8 36. h7 Kd7 37. h8=Q
Ng6 38. Qh3+ Kc6 39. Qxc5+ Kb7 40. Qhc8# 1-0

[Event "World Blitz 2023"]
[Site "Samarkand UZB"]
[Date "2023.12.29"]
[EventDate "2023.12.29"]
[Round "6.34"]
[Result "0-1"]
[White "Kanan Garayev"]
[Black "Mahammad Muradli"]
[WhiteElo "2260"]
[BlackElo "2551"]
[PlyCount "82"]

1. d4 Nf6 2. g3 c5 3. Nf3 cxd4 4. Nxd4 Nc6 5. Bg2 e5 6. Nxc6 bxc6 7. O-O
Bc5 8. c4 O-O 9. Nc3 h6 10. Na4 Bd4 11. c5 Qe7 12. Qc2 e4 13. Bf4 Be5 14.
Bxe5 Qxe5 15. Rac1 Ba6 16. Rfd1 h5 17. b4 h4 18. Nc3 Rfe8 19. Qd2 hxg3 20.
hxg3 Qh5 21. Qf4 Bxe2 22. Nxe2 Qxe2 23. Re1 Qxa2 24. Bxe4 Re6 25. Bf5 Rxe1+
26. Rxe1 a5 27. bxa5 Qxa5 28. Re5 Qc3 29. Kg2 Rf8 30. g4 g6 31. Bb1 Kg7 32.
g5 Nd5 33. Qe4 Rh8 34. Kg1 Qxc5 35. Bd3 Rh5 36. Re8 Rxg5+ 37. Kf1 Nf6 38.
Qe3 Nxe8 39. Qxe8 Qc1+ 40. Ke2 Qb2+ 41. Kf3 Qf6+ 0-1

[Event "World Blitz 2023"]
[Site "Samarkand UZB"]
[Date "2023.12.29"]
[EventDate "2023.12.29"]
[Round "6.35"]
[Result "0-1"]
[White "Sumiya Chinguun"]
[Black "Pavel Ponkratov"]
[WhiteElo "2200"]
[BlackElo "2547"]
[PlyCount "88"]

1. e4 e6 2. d4 d5 3. Nc3 Bb4 4. e5 c5 5. a3 Bxc3+ 6. bxc3 Qa5 7. Bd2 Qa4 8.
Nf3 Ne7 9. Bd3 c4 10. Be2 Nbc6 11. O-O Bd7 12. Nh4 O-O-O 13. f4 f6 14. Ra2
Rdf8 15. Qe1 Rhg8 16. exf6 gxf6 17. Bg4 Rxg4 18. h3 Rgg8 19. f5 e5 20. dxe5
Nxe5 21. Bf4 N7c6 22. Qd1 Qa5 23. Kh1 Re8 24. a4 Qxc3 25. Qxd5 Qd4 26. Qb5
Ne7 27. Qa5 Nd5 28. c3 Nc6 29. cxd4 Nxa5 30. Bd6 Bc6 31. Rff2 Re1+ 32. Kh2
Nb3 33. Rac2 Ne3 34. Rc3 Nf1+ 35. Rxf1 Rxf1 36. Rxc4 Kd7 37. Bg3 Nd2 38.
Rc2 Rd1 39. Be1 Nf1+ 40. Kg1 Ne3 41. Re2 Nxg2 42. Nxg2 Rxg2+ 43. Rxg2 Rxe1+
44. Kf2 Bxg2 0-1

[Event "World Blitz 2023"]
[Site "Samarkand UZB"]
[Date "2023.12.29"]
[EventDate "2023.12.29"]
[Round "6.36"]
[Result "0-1"]
[White "Anton Demchenko"]
[Black "Almas Rakhmatullaev"]
[WhiteElo "2545"]
[BlackElo "2218"]
[PlyCount "148"]

1. e4 c5 2. Nf3 e6 3. g3 Nc6 4. Bg2 Nf6 5. Qe2 e5 6. O-O Be7 7. d3 O-O 8.
Na3 d6 9. Nc4 b5 10. Ne3 Nd4 11. Qd1 Be6 12. Ng5 Bd7 13. f4 exf4 14. gxf4
Rc8 15. c3 Nc6 16. Kh1 Kh8 17. Bd2 h6 18. Nh3 Nh7 19. Qf3 b4 20. Nd5 f5 21.
Rae1 Nf6 22. Nxe7 Nxe7 23. Qg3 c4 24. e5 Ng4 25. dxc4 Ng6 26. Nf2 Nh4 27.
Bd5 Bc6 28. Nxg4 fxg4 29. Qxg4 dxe5 30. Bxc6 Rxc6 31. fxe5 Rxf1+ 32. Rxf1
Rg6 33. Qe4 Qxd2 34. e6 Nf5 35. c5 Rg5 36. c6 Ng3+ 37. hxg3 Rh5+ 38. Qh4
Rxh4+ 39. gxh4 Qd5+ 40. Kg1 Qxc6 41. Re1 Qc5+ 42. Kf1 Qc4+ 43. Kg1 Qg4+ 44.
Kf1 Qh3+ 45. Kg1 Qg3+ 46. Kf1 Qf4+ 47. Kg1 Qg4+ 48. Kf1 Qf5+ 49. Kg1 Qg6+
50. Kf1 Qf6+ 51. Kg1 Qxh4 52. Re2 Qg4+ 53. Kf1 Qf5+ 54. Ke1 Qb1+ 55. Kf2
Qf5+ 56. Ke1 Qg6 57. e7 Qe8 58. cxb4 Kg8 59. b5 Kf7 60. a4 h5 61. b4 h4 62.
Kf2 g5 63. Kf3 Kf6 64. Re4 Kf5 65. a5 h3 66. Re1 g4+ 67. Kg3 Qb8+ 68. Kh4
Qh8+ 69. Kg3 Qc3+ 70. Kf2 g3+ 71. Ke2 Qc2+ 72. Ke3 Qf2+ 73. Kd3 Qxe1 74. b6
Qxe7 0-1

[Event "World Blitz 2023"]
[Site "Samarkand UZB"]
[Date "2023.12.29"]
[EventDate "2023.12.29"]
[Round "6.37"]
[Result "0-1"]
[White "Asrorjon Omonov"]
[Black "Evgeniy Najer"]
[WhiteElo "2069"]
[BlackElo "2545"]
[PlyCount "70"]

1. d4 d5 2. c4 c6 3. Nc3 Nf6 4. e3 e6 5. Nf3 Nbd7 6. Bd3 dxc4 7. Bxc4 b5 8.
Bd3 b4 9. Ne4 Nxe4 10. Bxe4 Bb7 11. O-O Be7 12. Qc2 h6 13. Bd2 O-O 14. Rfc1
Qb6 15. Qa4 Rfc8 16. Rc4 Nf6 17. Bxb4 Nxe4 18. Bxe7 Qxb2 19. Rf1 a5 20. Rc2
Qb5 21. Qa3 Qd5 22. Bc5 Ba6 23. Rb1 Bb5 24. h3 Kh7 25. Rcc1 g5 26. Qb3 a4
27. Qxd5 exd5 28. Ne5 f6 29. Nf3 Rg8 30. Rb2 g4 31. hxg4 Rxg4 32. Nd2 Rag8
33. g3 Nxg3 34. fxg3 Rxg3+ 35. Kh2 R3g5 0-1

[Event "World Blitz 2023"]
[Site "Samarkand UZB"]
[Date "2023.12.29"]
[EventDate "2023.12.29"]
[Round "6.38"]
[Result "1/2-1/2"]
[White "Velimir Ivic"]
[Black "Lev Zverev"]
[WhiteElo "2542"]
[BlackElo "2299"]
[PlyCount "44"]

1. e4 e5 2. Nf3 Nc6 3. Bb5 a6 4. Ba4 Nf6 5. O-O b5 6. Bb3 Bc5 7. c3 d6 8.
d4 Bb6 9. Be3 Bg4 10. Nbd2 O-O 11. h3 Bh5 12. g4 exd4 13. Nxd4 Nxd4 14.
Bxd4 Bxd4 15. cxd4 Bg6 16. Re1 Re8 17. Bc2 Nd7 18. f4 f6 19. Bb3+ Bf7 20.
Bxf7+ Kxf7 21. Qb3+ Kf8 22. Nf3 1/2-1/2

[Event "World Blitz 2023"]
[Site "Samarkand UZB"]
[Date "2023.12.29"]
[EventDate "2023.12.29"]
[Round "6.39"]
[Result "1/2-1/2"]
[White "Elham Amar"]
[Black "Haik M Martirosyan"]
[WhiteElo "2470"]
[BlackElo "2770"]
[PlyCount "288"]

1. e4 c5 2. Nf3 Nc6 3. b4 Nxb4 4. c3 Nc6 5. d4 d6 6. Bc4 Nf6 7. O-O e6 8.
Qe2 Be7 9. e5 dxe5 10. dxe5 Nd5 11. Bd3 Qc7 12. Re1 Bd7 13. Be4 h6 14. c4
Nb6 15. Nc3 Nxe5 16. Bf4 Bd6 17. Nxe5 Bxe5 18. Bxe5 Qxe5 19. Qf3 Qf6 20.
Bxb7 Rb8 21. Qxf6 gxf6 22. Ne4 Ke7 23. Nxc5 Nxc4 24. Rad1 Nb6 25. f4 f5 26.
Rd4 Rhd8 27. Bf3 Be8 28. Rb4 Rbc8 29. Nb3 Bc6 30. Bxc6 Rxc6 31. Nd4 Rc5 32.
a4 Kf6 33. Nf3 Ra5 34. h3 Rdd5 35. Rc1 Rac5 36. Rxc5 Rxc5 37. Ne5 Rc1+ 38.
Kh2 Nd5 39. Rb7 Nxf4 40. Nxf7 Rc2 41. Kg3 e5 42. Nxh6 Rxg2+ 43. Kf3 Rh2 44.
Ng8+ Ke6 45. Rxa7 Rxh3+ 46. Kf2 e4 47. Ra6+ Ke5 48. Ra5+ Ke6 49. Ra6+ Ke5
50. Ra5+ Kd4 51. Ne7 e3+ 52. Kg1 Rg3+ 53. Kh1 Rh3+ 54. Kg1 e2 55. Nxf5+ Ke4
56. Nd6+ Kd3 57. Re5 Rg3+ 58. Kf2 Rg2+ 59. Kf3 Rg5 60. Re3+ Kd4 61. Nb5+
Kc4 62. Kxf4 Rg2 63. Kf3 Rh2 64. Rxe2 Rh3+ 65. Kg4 Rd3 66. Re4+ Kb3 67. Rf4
Rd5 68. Kf3 Re5 69. Nd4+ Kc3 70. Ne2+ Kb3 71. Nd4+ Kc3 72. Rh4 Ra5 73. Nc6
Ra6 74. Ne5 Kb3 75. Nd3 Kc3 76. Ke3 Re6+ 77. Re4 Rh6 78. Nf4 Kb3 79. Nd3
Kc3 80. Nf4 Kb3 81. Ne2 Ra6 82. Nc1+ Ka3 83. Kd3 Rxa4 84. Re8 Ra7 85. Rb8
Rc7 86. Ne2 Ka4 87. Nd4 Rh7 88. Ne6 Ka5 89. Kc4 Rh4+ 90. Nd4 Ka6 91. Rb1
Rh5 92. Ne6 Rh4+ 93. Kc5 Ka5 94. Nd4 Rh5+ 95. Kc4 Ka6 96. Ne6 Ka5 97. Nd4
Ka6 98. Nf3 Rf5 99. Nd2 Rf4+ 100. Kc5 Rf5+ 101. Kc6 Rf6+ 102. Kc5 Rf5+ 103.
Kc4 Rf4+ 104. Kd5 Rh4 105. Nc4 Rh5+ 106. Kc6 Rh6+ 107. Nd6 Ka5 108. Kc5
Rh5+ 109. Kc4 Rh4+ 110. Kd5 Rh5+ 111. Kc6 Rh6 112. Rb8 Rg6 113. Kc5 Rg5+
114. Kd4 Rg4+ 115. Ne4 Rh4 116. Kd5 Rh5+ 117. Kc4 Rh4 118. Rb5+ Ka6 119.
Re5 Kb6 120. Re6+ Kc7 121. Kd4 Kd7 122. Ra6 Ke7 123. Ke5 Rh5+ 124. Kf4 Rb5
125. Nd6 Rb1 126. Ke5 Re1+ 127. Ne4 Kd7 128. Rd6+ Kc7 129. Rd4 Rh1 130. Ke6
Rh6+ 131. Nf6 Kc6 132. Rc4+ Kb5 133. Rc2 Rh1 134. Nd5 Rh6+ 135. Ke5 Rh5+
136. Ke4 Rh4+ 137. Nf4 Kb4 138. Rc8 Kb5 139. Ke5 Rh1 140. Nd3 Rh5+ 141. Kd4
Rh4+ 142. Kd5 Rh5+ 143. Ne5 Kb4 144. Rc7 1/2-1/2

[Event "World Blitz 2023"]
[Site "Samarkand UZB"]
[Date "2023.12.29"]
[EventDate "2023.12.29"]
[Round "6.40"]
[Result "1-0"]
[White "Dmitry Andreikin"]
[Black "Ilia Iljiushenok"]
[WhiteElo "2741"]
[BlackElo "2479"]
[PlyCount "54"]

1. d4 Nf6 2. c4 e6 3. Nf3 d5 4. Bg5 h6 5. Bxf6 Qxf6 6. e3 c6 7. Nbd2 Nd7 8.
Bd3 Qd8 9. O-O Be7 10. e4 dxe4 11. Nxe4 O-O 12. c5 Qc7 13. Re1 e5 14. Nd6
Bxd6 15. cxd6 Qxd6 16. dxe5 Qe7 17. e6 Nc5 18. exf7+ Qxf7 19. Be2 Be6 20.
Qd4 b6 21. Ne5 Qc7 22. Bc4 Rad8 23. Bxe6+ Nxe6 24. Qc4 Rd6 25. Rad1 b5 26.
Qb3 Qb6 27. Nf3 1-0

[Event "World Blitz 2023"]
[Site "Samarkand UZB"]
[Date "2023.12.29"]
[EventDate "2023.12.29"]
[Round "6.41"]
[Result "0-1"]
[White "Gabriel Gaehwiler"]
[Black "Vladimir Fedoseev"]
[WhiteElo "2448"]
[BlackElo "2719"]
[PlyCount "60"]

1. d4 g6 2. Nf3 Bg7 3. e4 d6 4. h3 Nc6 5. Be3 f5 6. exf5 Bxf5 7. Bd3 Qd7 8.
Nc3 Nh6 9. Bxh6 Bxh6 10. O-O Nb4 11. Bxf5 Qxf5 12. a3 Nc6 13. d5 Nd8 14.
Re1 Bg7 15. Nd4 Qd7 16. Ne6 Nxe6 17. Rxe6 O-O 18. Qe2 Be5 19. Ne4 c6 20. c4
b5 21. Rd1 Rf5 22. Ng3 Rf7 23. Ne4 Raf8 24. b3 bxc4 25. bxc4 cxd5 26. cxd5
Qa4 27. Rd3 Qc4 28. g3 Bd4 29. Rd2 Qxd5 30. Ng5 Rxf2 0-1

[Event "World Blitz 2023"]
[Site "Samarkand UZB"]
[Date "2023.12.29"]
[EventDate "2023.12.29"]
[Round "6.43"]
[Result "1-0"]
[White "Iturrizaga Bonelli, Eduardo"]
[Black "Mittal Aditya"]
[WhiteElo "2645"]
[BlackElo "2425"]
[PlyCount "32"]

1. c4 Nf6 2. g3 e5 3. Bg2 Bc5 4. Nc3 c6 5. e3 d5 6. cxd5 cxd5 7. d4 exd4 8.
exd4 Bb4 9. Ne2 h6 10. O-O O-O 11. Nf4 Bxc3 12. bxc3 Nc6 13. Re1 Bg4 14.
Qb3 Na5 15. Qb4 Rc8 16. Ba3 Qc7 1-0

[Event "World Blitz 2023"]
[Site "Samarkand UZB"]
[Date "2023.12.29"]
[EventDate "2023.12.29"]
[Round "6.44"]
[Result "0-1"]
[White "Giovanni Vescovi"]
[Black "Mukhiddin Madaminov"]
[WhiteElo "2593"]
[BlackElo "2460"]
[PlyCount "56"]

1. Nf3 Nf6 2. c4 e6 3. b3 d5 4. Bb2 c5 5. e3 Nc6 6. Be2 Be7 7. O-O O-O 8.
d4 cxd4 9. exd4 b6 10. Nbd2 Bb7 11. Rc1 Rc8 12. Re1 dxc4 13. bxc4 Na5 14.
Ne5 Bd6 15. Bf1 Bxe5 16. Rxe5 Nc6 17. Rg5 Nxd4 18. Nb3 h6 19. Rxg7+ Kxg7
20. Nxd4 Rc5 21. Qb3 Qd6 22. Rd1 Qf4 23. Ne2 Qg5 24. Rd7 Be4 25. Ng3 Bg6
26. Rxa7 e5 27. Qxb6 Rcc8 28. h4 Qf4 0-1

[Event "World Blitz 2023"]
[Site "Samarkand UZB"]
[Date "2023.12.29"]
[EventDate "2023.12.29"]
[Round "6.45"]
[Result "0-1"]
[White "Alan Pichot"]
[Black "Matvey Galchenko"]
[WhiteElo "2592"]
[BlackElo "2424"]
[PlyCount "98"]

1. e4 e6 2. d4 d5 3. Nd2 c5 4. Ngf3 cxd4 5. Nxd4 Nc6 6. Bb5 Bd7 7. Nxc6
bxc6 8. Bd3 Bd6 9. Qe2 e5 10. c4 Ne7 11. O-O O-O 12. cxd5 cxd5 13. exd5 f5
14. Nc4 Qb8 15. Nxd6 Qxd6 16. Bc4 Rfe8 17. b3 e4 18. a4 Ng6 19. Ba3 Qf6 20.
Kh1 f4 21. f3 e3 22. d6+ Kh8 23. Rad1 Qh4 24. Bb2 Ne5 25. Bb5 Rad8 26. Rd5
Bxb5 27. axb5 Nf7 28. Ba3 Rd7 29. Rd4 Qg5 30. Rfd1 Re6 31. Qc4 Rg6 32. Qe2
h5 33. Rd5 Qh6 34. Bc5 Re6 35. b4 g5 36. Rf5 Kg8 37. h4 gxh4 38. Rd4 Qg6
39. Rdxf4 Re5 40. Rxe5 Nxe5 41. Qxe3 h3 42. gxh3 Rg7 43. Qe2 Qb1+ 44. Kh2
Qg6 45. d7 Qg3+ 46. Kh1 Qxh3+ 47. Qh2 Qf1+ 48. Bg1 Nxd7 49. Re4 Qxf3+ 0-1